International Economics : (Record no. 3516)

MARC details
000 -LEADER
fixed length control field 00602nam a22002057a 4500
003 - CONTROL NUMBER IDENTIFIER
control field OSt
005 - DATE AND TIME OF LATEST TRANSACTION
control field 20220209162959.0
008 - FIXED-LENGTH DATA ELEMENTS--GENERAL INFORMATION
fixed length control field 160413b xxu||||| |||| 00| 0 eng d
020 ## - INTERNATIONAL STANDARD BOOK NUMBER
International Standard Book Number 032131154x
040 ## - CATALOGING SOURCE
Transcribing agency 040a
082 ## - DEWEY DECIMAL CLASSIFICATION NUMBER
Classification number 337 KRU 2006
100 ## - MAIN ENTRY--PERSONAL NAME
Personal name Krugman, Paul R.; Obstfed, Maurice
9 (RLIN) 7848
245 ## - TITLE STATEMENT
Title International Economics :
Remainder of title theory and practice
250 ## - EDITION STATEMENT
Edition statement 7th.ed
260 ## - PUBLICATION, DISTRIBUTION, ETC. (IMPRINT)
Place of publication, distribution, etc. Boston;
Name of publisher, distributor, etc. Pearson Education,
Date of publication, distribution, etc. 2006
300 ## - PHYSICAL DESCRIPTION
Extent xxvii, 680p;
Other physical details Col.ill:
Dimensions 15 cm
504 ## - BIBLIOGRAPHY, ETC. NOTE
Bibliography, etc Includes bibliographical references and index
650 ## - SUBJECT ADDED ENTRY--TOPICAL TERM
Topical term or geographic name as entry element International economics
9 (RLIN) 975
942 ## - ADDED ENTRY ELEMENTS (KOHA)
Source of classification or shelving scheme Dewey Decimal Classification
Koha item type Short Loan
Holdings
Withdrawn status Lost status Source of classification or shelving scheme Damaged status Not for loan Home library Current library Date acquired Source of acquisition Inventory number Total Checkouts Full call number Barcode Date last seen Koha item type
    Dewey Decimal Classification     MUST Main Library MUST Main Library 13/04/2016 Purchase 06/28018   337 KRU 2006 2016-0823 13/04/2016 Short Loan